[Event "Chess24 Legends of Chess"]
[Site "Online"]
[Date "2020.07.18"]
[Round "9.2"]
[White "Kramnik, Vladimir"]
[Black "Carlsen, Magnus"]
[Result "1/2-1/2"]
[WhiteElo "2756"]
[BlackElo "2881"]
[Annotator "TA"]
[PlyCount "152"]
[EventDate "2020.07.21"]
[EventType "tourn"]
[SourceTitle "playchess.com"]
[Source "ChessBase"]
[SourceQuality "1"]

{[%evp 17,151,19,16,0,0,-2,0,-12,-16,-13,-12,-20,-12,-54,-43,-22,-10,-11,-15,-14,-11,-8,-6,-11,-11,-18,-18,-20,-28,-38,0,-57,-26,-36,7,3,18,5,12,0,4,7,7,4,4,4,4,4,4,8,46,8,10,0,0,0,12,0,18,18,18,18,22,27,12,0,0,0,0,0,0,0,0,0,0,-351,-351,-351,-351,-351,-351,-351,-351,-12472,-12775,-12741,-12068,-8886,-29941,-12812,-29939,-12787,-10137,-5633,-5459,-6075,-5920,-6010,-5487,-4839,-3530,-1454,-8,-8,-8,-8,-8,-8,-8,-8,-8,-8,-8,-8,-8,-8,-8,-8,-8,-8,-8,-8,-8,-8,-8,-8,-8,-8,-8,-8,-8,-8,-8,-8,-8,-8]} 1. e4 c5 2. Nf3 d6 3. d4 cxd4 4. Nxd4 Nf6 5. Nc3 a6 6. Be2 e5 7. Nb3 Be7 8. Bg5 Be6 9. Bxf6 Bxf6 10. Bg4 {B92: Sicilian Najdorf: 6 Be2.} O-O 11. O-O Be7 {[#]} 12. Bxe6 $146 ({Predecessor:} 12. Nd5 Bxd5 13. Qxd5 Nc6 14. c3 Qc7 15. Nd2 g6 16. a4 Kg7 17. Nc4 Rad8 18. Qd3 Bg5 {0-1 (66) Silhan,P (2016)-Plasek,Z (2016) Rakovnik 2014}) 12... fxe6 13. Qg4 Rf6 14. Rad1 Nd7 15. Ne2 Qb6 16. Nec1 Qc6 17. Qe2 a5 18. Nd3 b5 19. Nd2 Bd8 20. c3 Bb6 21. g3 Raf8 {And now ...Nc5 would win.} 22. Kg2 R6f7 23. a3 Nf6 24. f4 (24. f3 $11) 24... exf4 $15 25. Nxf4 Re8 26. Nh5 Bd8 27. h4 Nxh5 28. Rxf7 Nf6 29. Rxf6 Bxf6 30. Nf3 b4 31. axb4 axb4 32. cxb4 Rb8 33. Nd4 Qb7 34. Nxe6 Qxb4 35. Kh3 Re8 36. Qg4 Qxb2 37. Rxd6 Qa1 {[%cal Ra1h1]} 38. Qf3 Qe5 {[%mdl 64] Double Attack} 39. Qb3 $1 {Intending Ng5+ and mate.} Kh8 $1 ({Reject} 39... Qxd6 $6 40. Ng5+ Re6 41. Nxe6 $16) 40. Qd5 Qa1 $1 41. e5 Qf1+ 42. Kh2 Qe2+ 43. Kh3 Bxe5 44. Rd8 {[%cal Rd8e8]} Qf1+ 45. Kh2 $1 Qf2+ $40 {[%mdl 192] [#] Double Attack. Black has some attack.} 46. Qg2 $2 {[%mdl 8192]} (46. Kh1 $1 $11 {[%mdl 512] and White stays safe.} Qe1+ 47. Kg2 Qe2+ 48. Kh3 Qf1+ 49. Kh2 Qf2+ {[%mdl 64] Double Attack} 50. Kh1 $1 {[%mdl 512]} Qe1+ 51. Kg2 Qxg3+ {[%mdl 64] Double Attack} 52. Kf1 Qh3+ {[%mdl 64] Double Attack} 53. Ke2 Qh2+ 54. Kf1 Qh3+ {[%mdl 64] Double Attack} 55. Ke2 Qg4+ 56. Kd2 Qb4+ 57. Ke2 $1 {[%mdl 512]} Qg4+ 58. Kd2 Bf4+ 59. Kc3 Be5+ 60. Kd2) 46... Bxg3+ $1 $19 {[%mdl 64] Double Attack} 47. Kh3 Qxg2+ 48. Kxg2 {[%cal Rd8e8]} Rxd8 49. Nxd8 Bxh4 {[%mdl 4096] Endgame KB-KN} 50. Ne6 $2 {[#]} (50. Nf7+ Kg8 51. Nh6+ gxh6 52. Kh3) 50... g6 $1 51. Nf4 Kg7 52. Kh3 Be7 53. Kg4 Bd6 54. Nd5 h5+ 55. Kg5 Ba3 56. Nc3 Bc1+ 57. Kh4 Bb2 58. Ne4 Bf6+ 59. Kh3 Kf7 $2 (59... Be5 $19 60. Kh4 Bf4) 60. Ng3 $1 $11 {The position is equal.} h4 61. Ne4 Ke6 {Strongly threatening ...Kf5.} 62. Kg4 Ke5 63. Nf2 $1 Kd4 64. Kf3 $1 Be5 (64... Kc4 $5 65. Ng4 $8 Bc3 $19) 65. Nh3 Bg3 66. Ng5 Ke5 {Hoping for ...Kf5.} 67. Kg4 Bf2 68. Nh7 Ke4 69. Nf8 {[#]} g5 $1 {Threatens to win with ...Bb6.} 70. Ne6 (70. Kxg5 h3) 70... Be3 {aiming for ...Bd2.} 71. Nxg5+ Bxg5 72. Kh3 Kf3 73. Kh2 Bf4+ 74. Kh1 h3 75. Kg1 h2+ 76. Kh1 Kg3 {And White is the lucky defender. Accuracy: White = 86%, Black = 90%.} 1/2-1/2

[Event "Chess24 Legends of Chess"]
[Site "Online"]
[Date "2020.07.18"]
[Round "9.2"]
[White "Anand, Viswanathan"]
[Black "Ivanchuk, Vasyl"]
[Result "1/2-1/2"]
[WhiteElo "2751"]
[BlackElo "2686"]
[Annotator "TA"]
[PlyCount "83"]
[EventDate "2020.07.21"]
[EventType "tourn"]
[SourceTitle "playchess.com"]
[Source "ChessBase"]
[SourceQuality "1"]

{[%evp 16,83,4,0,22,13,20,11,18,7,16,5,21,11,41,18,14,14,29,28,28,23,75,9,22,20,22,18,12,0,0,0,0,0,0,0,0,0,0,0,0,-8,-8,-8,-8,-9,-8,-8,0,0,0,0,0,0,0,0,0,0,4,0,0,0,0,0,0,0,0,0,0,0]} 1. e4 e5 2. Nf3 Nc6 3. Bb5 a6 4. Ba4 Nf6 5. O-O Be7 6. d3 b5 7. Bb3 d6 8. a3 O-O 9. Nc3 Na5 {[%cal Bc6a5,Ba5b7,Bb7d8,Bd8e6][%mdl 32] seems to push 9...Bg4 aside. C77: Ruy Lopez: 3...a6 4 Ba4 Nf6, unusual lines.} 10. Ba2 Be6 11. b4 Bxa2 12. Nxa2 Nb7 13. c4 Qd7 14. Nc3 {[#]} Nd8 $146 ({Predecessor:} 14... c5 15. Bg5 Rfc8 16. Qb3 Nd8 17. Bxf6 Bxf6 18. Nd5 Rab8 19. bxc5 Rxc5 20. Rab1 Nc6 21. Nxf6+ gxf6 {½-½ (41) Firouzja,A (2702)-Aronian,L (2758) chess.com INT 2019}) 15. cxb5 axb5 16. d4 exd4 17. Nxd4 Ne6 18. Nf5 Rfe8 (18... Rfd8 $11) 19. Nxe7+ (19. Qf3 $16) 19... Rxe7 {The position is equal.} 20. f3 c6 21. Bb2 d5 22. Ne2 dxe4 23. Bxf6 $1 gxf6 24. fxe4 Qxd1 25. Rfxd1 Rea7 26. Rac1 Rxa3 27. Rxc6 Rb3 28. Nc3 Rxb4 29. Nd5 Rb2 30. Nxf6+ Kg7 31. Nh5+ Kf8 (31... Kg6 $5 32. Nf4+ $8 Kg7 33. Nxe6+ fxe6 $11) 32. Rb6 b4 33. e5 b3 {With the idea ...Nc5.} 34. h4 h6 35. Rd3 Re2 36. Rdxb3 {[#] And now Nf6 would win.} Rxe5 37. Rb8+ Rxb8 38. Rxb8+ Ke7 39. Rb7+ Kf8 40. Rb8+ Ke7 41. Rb7+ Kf8 42. Rb8+ {Accuracy: White = 94%, Black = 96%.} 1/2-1/2

[Event "Chess24 Legends of Chess"]
[Site "Online"]
[Date "2020.07.18"]
[Round "9.2"]
[White "Giri, Anish"]
[Black "Svidler, Peter"]
[Result "1/2-1/2"]
[WhiteElo "2731"]
[BlackElo "2742"]
[Annotator "TA"]
[PlyCount "81"]
[EventDate "2020.07.21"]
[EventType "tourn"]
[SourceTitle "playchess.com"]
[Source "ChessBase"]
[SourceQuality "1"]

{[%evp 23,81,17,9,4,21,0,22,29,27,37,37,20,39,14,21,14,14,11,84,90,89,78,87,76,79,75,72,70,80,63,66,66,75,66,66,66,66,66,74,67,65,62,64,64,74,55,59,46,57,48,68,19,10,12,8,0,0,0,5,0]} 1. d4 Nf6 2. c4 g6 3. Nc3 d5 4. Nf3 Bg7 5. Bg5 Ne4 6. Bf4 Nxc3 7. bxc3 c5 8. cxd5 cxd4 9. cxd4 Qxd5 10. e3 O-O 11. Be2 Nc6 12. O-O Bf5 13. a3 $5 {[%mdl 4] Exploring less charted territory. D80: Grünfeld: Unusual White 4th moves and 4 Bg5.} Rac8 14. Rc1 {[#]} Qa2 $146 ({Predecessor:} 14... Na5 15. Nd2 Rxc1 16. Qxc1 Rc8 17. Qb2 Rc2 18. Qb4 Nc6 19. Bf3 Nxb4 20. Bxd5 Nxd5 21. Nf3 Nxf4 22. exf4 Ra2 23. Re1 e6 {0-1 (23) Nistri,P-Albesa,A LSS email 2007}) 15. Bd3 Bd7 16. Ra1 Qd5 17. Rb1 Na5 18. e4 Qa2 19. Qd2 Qxd2 $1 20. Bxd2 Nc4 (20... b6 $11) 21. Bxc4 $16 Rxc4 22. Rxb7 {[%mdl 64] [#] Double Attack} Bc6 23. Rxe7 {d5 is the strong threat.} Bxd4 24. Nxd4 Rxd4 25. Bh6 Re8 26. Rxa7 {Black must now prevent f3.} Rdxe4 27. h3 Ra4 28. Rc7 Bd5 29. Rd1 Be6 30. Rd3 Rh4 31. Bg5 Ra4 32. Be7 h6 33. Bb4 g5 34. Kh2 Kg7 35. f4 Kg6 36. Rc5 Rc8 37. f5+ Bxf5 {The position is equal.} 38. Rd6+ f6 39. g4 Rxc5 40. Bxc5 Be4 41. Rd4 {Accuracy: White = 91%, Black = 92%.} 1/2-1/2

[Event "Chess24 Legends of Chess"]
[Site "Online"]
[Date "2020.07.18"]
[Round "9.2"]
[White "Leko, Peter"]
[Black "Ding, Liren"]
[Result "1/2-1/2"]
[WhiteElo "2710"]
[BlackElo "2836"]
[Annotator "TA"]
[PlyCount "82"]
[EventDate "2020.07.21"]
[EventType "tourn"]
[SourceTitle "playchess.com"]
[Source "ChessBase"]
[SourceQuality "1"]

{[%evp 12,82,7,12,22,0,6,6,9,9,9,4,2,0,0,0,0,6,0,0,0,0,0,0,0,0,12,0,14,11,12,-5,10,-2,0,-2,0,-3,-6,-9,0,-4,-6,-3,0,0,0,0,0,0,0,0,0,0,0,0,0,-31,0,0,0,0,0,0,0,0,0,0,0,0,0,0,0]} 1. e4 e5 2. Nf3 Nc6 3. Bc4 Nf6 4. d3 Bc5 5. O-O O-O 6. Nbd2 {[%cal Bb1d2,Bd2f1,Bf1e3,Be3c4][%mdl 32]} d6 7. c3 a5 {C54: Giuoco Piano: 4 c3 Nf6, main lines with 5 d4 and 5 d3.} 8. h3 h6 $1 {The main line 8...h6 scores better than 8...Be6.} 9. Re1 Be6 10. Bb5 Qb8 11. Nf1 Qa7 12. Be3 Bxe3 13. Nxe3 Ne7 14. a4 Ng6 15. Bc4 Bxc4 16. Nxc4 Rfe8 {[#]} 17. Qc2 $146 ({Predecessor:} 17. Qb3 Qc5 18. Ne3 Qc6 19. Qb5 Qxb5 20. axb5 Nf4 21. Red1 b6 22. Kh2 Rad8 23. g3 {1-0 (64) Karjakin,S (2753)-Svidler,P (2737) St Petersburg 2018}) 17... Qa6 18. g3 Rad8 19. Ne3 c6 20. Kg2 d5 21. Nf5 b6 22. Re2 Qc8 23. Rae1 Qe6 24. N3h4 Nxh4+ 25. Nxh4 dxe4 26. dxe4 g6 27. Nf3 Kg7 28. Rd1 Rxd1 29. Qxd1 b5 30. Qc2 Nd7 31. b4 Ra8 {Hoping for ...axb4.} 32. axb5 cxb5 33. bxa5 Rxa5 34. Qb2 Nf6 35. Qb4 {The position is equal.} Qc4 36. Rb2 Qxb4 37. Rxb4 Nd7 38. c4 bxc4 39. Rxc4 Nf6 40. Rb4 Rc5 41. Ra4 Rb5 {Not much happened in this game. Accuracy: White = 96%, Black = 97%.} 1/2-1/2

[Event "Chess24 Legends of Chess"]
[Site "Online"]
[Date "2020.07.18"]
[Round "9.3"]
[White "Carlsen, Magnus"]
[Black "Kramnik, Vladimir"]
[Result "1-0"]
[WhiteElo "2881"]
[BlackElo "2756"]
[Annotator "ChessBase"]
[PlyCount "123"]
[EventDate "2020.07.21"]
[EventType "tourn"]
[SourceTitle "playchess.com"]
[Source "ChessBase"]
[SourceQuality "1"]
[TimeControl "900+10"]

1. d4 {[%emt 0:00:00]} Nf6 {[%emt 0:00:00]} 2. c4 {[%emt 0:00:00]} e6 {[%emt 0:00:00]} 3. Nc3 {[%emt 0:00:00]} d5 {[%emt 0:00:00]} 4. cxd5 {[%emt 0:00:00]} exd5 {[%emt 0:00:00]} 5. Bg5 {[%emt 0:00:00]} c6 {[%emt 0:00:00]} 6. e3 {[%emt 0:00:01]} h6 {[%emt 0:00:00]} 7. Bh4 {[%emt 0:00:01]} Be7 {[%emt 0:00:00]} 8. Bd3 {[%emt 0:00:25]} O-O {[%emt 0:00:02]} 9. Nge2 {[%emt 0:00:04]} Re8 {[%emt 0:00:02]} 10. O-O {[%emt 0:00:28]} Nh5 {[%emt 0:00:04]} 11. Bxe7 {[%emt 0:00:02]} Qxe7 {[%emt 0:00:01]} 12. Qd2 {[%emt 0:00:22]} Nd7 {[%emt 0:00:08]} 13. Rae1 {[%emt 0:00:03]} Nf8 {[%emt 0:00:27]} 14. Nc1 {[%emt 0:00:44]} Nf6 {[%emt 0:02:57]} 15. f3 {[%emt 0:00:08]} Ne6 {[%emt 0:00:03]} 16. N1e2 {[%emt 0:01:04]} b5 {[%emt 0:02:19]} 17. Ng3 {[%emt 0:01:41]} a5 {[%emt 0:00:21]} 18. Qf2 {[%emt 0:01:15]} Ba6 {[%emt 0:00:24]} 19. Nf5 {[%emt 0:00:14]} Qd8 {[%emt 0:00:53]} 20. Ne2 {[%emt 0:01:39]} c5 {[%emt 0:00:57]} 21. Qg3 {[%emt 0:00:15]} c4 {[%emt 0:01:48]} 22. Bc2 {[%emt 0:00:07]} Nh5 {[%emt 0:01:52]} 23. Qh3 {[%emt 0:02:20]} g6 {[%emt 0:00:46]} 24. Nxh6+ {[%emt 0:00:04]} Kg7 {[%emt 0:00:59]} 25. Nf5+ {[%emt 0:00:04]} Kg8 {[%emt 0:00:56]} 26. Neg3 {[%emt 0:03:50]} Nxg3 {[%emt 0:01:21]} 27. Qxg3 {[%emt 0:00:04]} b4 {[%emt 0:00:16]} 28. Nh6+ {[%emt 0:00:31]} Kg7 {[%emt 0:00:13]} 29. Nxf7 {[%emt 0:00:01]} Kxf7 {[%emt 0:00:11]} 30. Bxg6+ {[%emt 0:00:01]} Ke7 {[%emt 0:00:05]} 31. Bxe8 {[%emt 0:00:01]} Kxe8 {[%emt 0:01:20]} 32. e4 {[%emt 0:00:13]} c3 {[%emt 0:00:27]} 33. Rf2 {[%emt 0:01:49]} Kf7 {[%emt 0:00:02]} 34. bxc3 {[%emt 0:00:07]} bxc3 {[%emt 0:00:02]} 35. f4 {[%emt 0:00:25]} dxe4 {[%emt 0:00:49]} 36. f5 {[%emt 0:00:02]} Nf8 {[%emt 0:00:17]} 37. Rxe4 {[%emt 0:00:45]} Rb8 {[%emt 0:00:43]} 38. h3 {[%emt 0:00:20]} Rb1+ {[%emt 0:00:03]} 39. Kh2 {[%emt 0:00:01]} Qb8 {[%emt 0:00:22]} 40. Qxb8 {[%emt 0:00:12]} Rxb8 {[%emt 0:00:02]} 41. Re3 {[%emt 0:00:00]} Bc4 {[%emt 0:00:22]} 42. Rxc3 {[%emt 0:00:02]} Bd5 {[%emt 0:00:08]} 43. Rc5 {[%emt 0:00:03]} Rd8 {[%emt 0:00:01]} 44. Rxa5 {[%emt 0:00:02]} Rd7 {[%emt 0:00:18]} 45. g4 {[%emt 0:00:14]} Nh7 {[%emt 0:00:01]} 46. Kg3 {[%emt 0:00:02]} Nf6 {[%emt 0:00:01]} 47. Rc2 {[%emt 0:00:29]} Re7 {[%emt 0:00:28]} 48. Kh4 {[%emt 0:00:14]} Be4 {[%emt 0:00:07]} 49. Rb2 {[%emt 0:00:14]} Nd5 {[%emt 0:00:08]} 50. Kg5 {[%emt 0:00:02]} Rd7 {[%emt 0:00:13]} 51. Ra6 {[%emt 0:00:09]} Rc7 {[%emt 0:00:13]} 52. Re6 {[%emt 0:00:06]} Nc3 {[%emt 0:00:10]} 53. Rf6+ {[%emt 0:00:20]} Kg7 {[%emt 0:00:05]} 54. Rg6+ {[%emt 0:00:03]} Kf7 {[%emt 0:00:01]} 55. Kh6 {[%emt 0:00:03]} Rc8 {[%emt 0:00:21]} 56. Rg7+ {[%emt 0:00:02]} Kf8 {[%emt 0:00:02]} 57. Rb6 {[%emt 0:00:26]} Bd5 {[%emt 0:00:13]} 58. Rh7 {[%emt 0:00:18]} Ne4 {[%emt 0:00:22]} 59. Rh8+ {[%emt 0:00:11]} Bg8 {[%emt 0:00:02]} 60. Rg6 {[%emt 0:00:01]} Kf7 {[%emt 0:00:13]} 61. Rg7+ {[%emt 0:00:01]} Kf6 {[%emt 0:00:04]} 62. Rhxg8 {[%emt 0:00:03]} 1-0

[Event "Chess24 Legends of Chess"]
[Site "Online"]
[Date "2020.07.18"]
[Round "9.3"]
[White "Svidler, Peter"]
[Black "Giri, Anish"]
[Result "0-1"]
[WhiteElo "2742"]
[BlackElo "2731"]
[Annotator "TA"]
[PlyCount "52"]
[EventDate "2020.07.21"]
[EventType "tourn"]
[SourceTitle "playchess.com"]
[Source "ChessBase"]
[SourceQuality "1"]

{[%evp 9,52,22,12,-8,-6,-22,31,10,6,-2,0,0,0,0,0,-48,-52,-66,-60,-66,-62,-97,-19,-25,-22,-96,-109,-108,-44,-108,-104,-108,-125,-291,-296,-358,-348,-1731,-1708,-29989,-29990,-29990,-29991,-29993,-29992]} 1. c4 e5 2. g3 c6 3. d4 e4 4. Qa4 d5 5. cxd5 {[#]} Bd7 $146 ({Predecessor:} 5... Nf6 6. Nc3 b5 7. Qc2 Bb4 8. Bg5 cxd5 9. e3 a6 10. a4 h6 11. Bxf6 Qxf6 12. axb5 {1-0 (39) Anton Guijarro,D (2674)-Sunilduth Lyna,N (2611) Khanty-Mansiysk 2019}) 6. d6 {A20: English Opening: 1...e5.} Bxd6 7. Nc3 Nf6 (7... f5 $11) 8. Bg5 $14 {White is slightly better.} c5 9. Qd1 Be7 10. Bg2 O-O 11. dxc5 Na6 ({But not} 11... Bxc5 12. Nxe4 Nxe4 13. Bxd8 $16) 12. Bxf6 Bxf6 13. Nxe4 Bxb2 14. Rb1 Ba3 15. Nh3 {[#]} Bb4+ ({Don't play} 15... Nxc5 $6 16. Nxc5 Bxc5 17. O-O $11) ({Much weaker is} 15... Bxc5 $6 16. O-O $11) ({Black should try} 15... Qa5+ $1 $17 16. Qd2 Bb4 17. Rxb4 Qxb4 18. Qxb4 Nxb4) 16. Kf1 $11 Bf5 17. c6 (17. Nf4 $11 {keeps the balance.}) 17... bxc6 $17 18. Qa4 Qe7 (18... Qa5 $17 19. Qxa5 Bxa5) 19. Qxa6 (19. f3 $1 $15 Bc8 20. Nf4) 19... Bxe4 20. Rc1 Bf5 $36 {[%mdl 2048] Black is on the roll.} 21. Nf4 $2 {[#] Loses the game.} (21. Ng1 $17) 21... Bd2 $1 $19 {[%cal Rd2c1]} 22. Rxc6 Rab8 23. e3 $2 {[#]} (23. Bf3 Bxf4 24. Kg2) 23... Bxe3 $1 {[%mdl 512] ( -> ...Rb1+)} 24. Nd5 (24. fxe3 Qxe3) 24... Rb1+ {Black mates.} 25. Ke2 Rb2+ 26. Kd1 Qe5 {Accuracy: White = 43%, Black = 79%.} 0-1

[Event "Chess24 Legends of Chess"]
[Site "Online"]
[Date "2020.07.18"]
[Round "9.3"]
[White "Gelfand, Boris"]
[Black "Nepomniachtchi, Ian"]
[Result "1/2-1/2"]
[WhiteElo "2702"]
[BlackElo "2778"]
[Annotator "TA"]
[PlyCount "143"]
[EventDate "2020.07.21"]
[EventType "tourn"]
[SourceTitle "playchess.com"]
[Source "ChessBase"]
[SourceQuality "1"]

{[%evp 23,143,34,43,14,48,41,45,24,57,0,0,-39,-24,-29,-37,-30,-41,-34,-25,-33,-10,-38,-44,-32,-33,-58,-54,-83,-78,-65,-56,-119,-112,-109,-84,-126,-93,-112,-9,-18,0,-239,-180,-212,-204,-344,-178,-166,-52,-80,-110,-256,-248,-270,-287,-744,-691,-677,-617,-608,-484,-469,-440,-29967,-29968,-29968,-29969,-29969,-29970,-29969,-29969,-6597,-5953,-29970,-29972,-29971,-29969,-29960,-29960,-29977,-29965,-29961,-29966,-29965,-29965,-29965,-29964,-29968,-29963,-29966,0,-29975,-29976,-29975,-29977,-29977,-29977,-29977,-29978,-29983,-392,-1856,0,-406,-2053,-363,-4931,-166,-1747,-4134,-13,-54,-54,-196,0,0,0,-320,-320,-328,0,-214]} 1. d4 Nf6 2. c4 g6 3. Nc3 d5 4. cxd5 Nxd5 5. e4 Nxc3 6. bxc3 Bg7 7. Bc4 c5 8. Ne2 Nc6 9. Be3 O-O 10. O-O Bg4 11. f3 Bd7 $1 {[%mdl 4] outshines the older 11...Na5. Played by Ian Nepomniachtchi in May 2020.} 12. Rb1 Qc7 13. Qd2 {D87: Exchange Grünfeld: Classical Line: Variations without ...cxd4.} Rfd8 14. Rfc1 Be8 15. Bf4 {[#] White is slightly better.} Qc8 $146 ({Predecessor:} 15... e5 16. Bg3 Rac8 17. Bd3 b6 18. d5 Qd6 19. Ba6 Rb8 20. Qc2 Ne7 21. Bb5 Bxb5 22. Rxb5 {1-0 (57) Melkumyan,H (2663)-Abdumalik,Z (2478) chess.com INT 2020}) 16. d5 (16. Bh6 $14) 16... Ne5 $11 17. Bb3 (17. Bxe5 $5 Bxe5 18. f4 $11) 17... c4 18. Bc2 e6 19. Bxe5 Bxe5 20. f4 Bg7 21. Qe3 e5 22. f5 b5 {[%cal Bb7b5,Bb5b4][%mdl 32]} 23. Rf1 a5 24. h4 Ra6 25. h5 Qc7 26. Kh2 Rb8 27. Ng1 (27. g4 $15) 27... b4 28. fxg6 hxg6 29. Nf3 Qe7 ({Don't do} 29... gxh5 30. Nh4 $15) 30. g3 Rab6 (30... gxh5 $17 31. Nh4 Bh6) 31. hxg6 $1 fxg6 32. Nh4 $2 (32. Kg2 $11 {and White is okay.}) 32... b3 $19 33. axb3 cxb3 34. c4 (34. Bd3 {was worth a try.}) 34... a4 (34... Bh6 $142 35. Qxh6 g5) 35. c5 Rf6 (35... Rb5 $1 $19 36. d6 Qe6) 36. Bd3 $1 $15 Rb4 {aiming for ...a3.} 37. c6 (37. d6 $17 Qe6 38. Nf3) 37... a3 $1 $19 {[%cal Ba4a3,Ba3a2][%mdl 32] Strongly threatening ...a2.} 38. Rxf6 Bxf6 ({Inferior is} 38... Qxf6 39. c7 $11) 39. Bc4 $2 (39. d6 Qxd6 40. Rxb3 {[%mdl 64] Decoy} Rxb3 41. Bc4+ Kg7 42. Bxb3 Bxc6 43. Nf3) 39... a2 40. Rf1 {Threatens to win with d6+.} Rxc4 41. Qxb3 Qb4 42. Qxa2 Bxh4 $1 43. gxh4 (43. d6 $19 Bxg3+ 44. Kxg3 Bxc6 45. Kh2) 43... Rxe4 44. d6+ Kg7 45. d7 Rxh4+ 46. Kg1 Qg4+ 47. Qg2 {[#]} Bxd7 $1 48. cxd7 Qxd7 {[%mdl 4096] Endgame KQR-KQR} 49. Qe2 Qd4+ 50. Kg2 Rg4+ 51. Kh1 Rg3 52. Rf7+ Kxf7 {[%csl Gg3][%cal Rd4g1]} 53. Qf2+ Qf4 54. Qxg3 {KQ-KQ} Kf6 55. Qa3 Kf5 56. Kg2 e4 $2 (56... Kg4 57. Qe7 Qf3+ 58. Kg1 Qe3+ 59. Kg2 Qe2+ 60. Kg1 Kg3 61. Qg5+ Qg4 62. Qe3+ Kh4+ 63. Kf2 Qf4+ 64. Qf3 Qxf3+ 65. Kxf3 g5 66. Ke3 g4 67. Ke2 g3 68. Kf3 Kh3 69. Ke4 g2 70. Kxe5 g1=Q 71. Kd6 Qb6+ 72. Kd5 Qb5+ 73. Kd4 Kg4 74. Kc3 Kf5 75. Kd2 Ke4 76. Kc3 Ke3 77. Kc2 Qb4 78. Kc1 Kd3 79. Kd1 Qd2#) 57. Qa8 $2 {[%mdl 8192]} (57. Qf8+ $11 Kg4 58. Qe8 Qd2+ 59. Kg1) 57... Kg4 58. Qc8+ Qf5 59. Qc2 Qf3+ 60. Kh2 g5 61. Kg1 Qd3 $2 (61... e3 {mates} 62. Qg6 Qf2+ 63. Kh1 Qf5 64. Qe8 Kf3 65. Qc6+ Qe4 66. Qxe4+ Kxe4 67. Kg2 Kf4 68. Kg1 g4 69. Kg2 g3 70. Kf1 Kf3 71. Ke1 g2 72. Kd1 g1=Q+ 73. Kc2 e2 74. Kc3 e1=Q+ 75. Kc4 Qe4+ 76. Kb5 Qgb1+ 77. Kc5 Qbb4#) 62. Qc8+ Kf4 $2 ({Black should play} 62... Kf3 $19 63. Qf5+ Ke2 64. Qf2+ Kd1) 63. Qb8+ $2 {[%mdl 8192]} (63. Qf8+ $1 $11 Ke5 64. Qg7+ Kf5 65. Qf7+ Ke5 66. Qg7+ Kf5 67. Qf7+ Kg4 68. Qe6+ Kh5 69. Qe8+ Kh4 70. Qh8+ Kg4 71. Qc8+ Kg3 72. Qb8+ Kh4 73. Qh8+ Kg4 74. Qc8+) 63... Kf3 (63... Ke3 $142 64. Qg3+ Kd2 65. Qf2+ Kd1) 64. Qf8+ Ke2 $1 65. Qf2+ Kd1 66. Qa7 e3 $2 (66... Qg3+ $19 67. Kf1 Qf3+ 68. Kg1 Ke2 69. Qa6+ Qd3) 67. Qa1+ $11 Ke2 68. Qb2+ {[#]} ({White has to play} 68. Qe5 $1 $15) 68... Ke1 (68... Qd2 $142 $1 {[%cal Rd2b2]} 69. Qb5+ Kd1 70. Qb1+ Qc1 71. Qd3+ Ke1) 69. Qc1+ $1 $19 Ke2 {( -> ...Qd1+)} 70. Qb2+ {[#]} Qd2 $1 {[%cal Rd2b2]} 71. Qb5+ Qd3 72. Qb2+ $1 {Accuracy: White = 60%, Black = 70%.} 1/2-1/2

[Event "Chess24 Legends of Chess"]
[Site "Online"]
[Date "2020.07.18"]
[Round "9.3"]
[White "Ivanchuk, Vasyl"]
[Black "Anand, Viswanathan"]
[Result "1/2-1/2"]
[WhiteElo "2686"]
[BlackElo "2751"]
[Annotator "TA"]
[PlyCount "82"]
[EventDate "2020.07.21"]
[EventType "tourn"]
[SourceTitle "playchess.com"]
[Source "ChessBase"]
[SourceQuality "1"]

{[%evp 14,82,8,-10,0,0,0,0,8,6,0,5,15,0,0,3,15,11,24,33,32,30,27,32,29,8,25,4,21,4,14,0,0,0,0,0,0,0,0,0,0,0,0,0,0,0,0,0,0,0,0,0,0,0,0,0,0,0,0,0,0,0,0,0,0,0,0,0,0,0,0]} 1. d4 Nf6 2. c4 e6 3. Nf3 d5 4. Nc3 Bb4 5. e3 O-O 6. a3 Bxc3+ 7. bxc3 c5 8. Bb2 Qa5 {E51: Nimzo-Indian: Rubinstein: 4...0-0 5 Nf3 d5.} 9. Nd2 cxd4 10. cxd4 Bd7 11. Bd3 dxc4 12. Bxc4 {[#]} Bb5 $146 {[#] ...Bxc4 is the strong threat.} ({Predecessor:} 12... Ne4 13. f3 Ba4 14. Qe2 Nxd2 15. Qxd2 Nc6 16. Bc3 Qc7 17. Rc1 Rac8 18. O-O Rfd8 {1-0 (37) Siwiec,A (2194)-Korcz,D (1779) Poznan 2016}) 13. Bxb5 Qxb5 14. Qb3 Qxb3 15. Nxb3 Nbd7 16. Ke2 Rfc8 {And now ...Rc2+ would win.} 17. Rhc1 Nd5 18. a4 f5 19. a5 Kf7 20. f3 b6 {The position is equal.} (20... b5 {with more complications.} 21. axb6 axb6 22. Rxc8 Rxc8 23. Bc1 Rc3) 21. axb6 axb6 22. g3 (22. Rxc8 {is interesting.} Rxc8 23. Bc1 Rc3 24. Rb1 Rc2+ 25. Bd2) 22... Rxa1 23. Nxa1 Rxc1 24. Bxc1 $11 {[%mdl 4096] Endgame KBN-KNN} e5 25. dxe5 Nxe5 26. Bb2 Nc6 27. Nb3 g6 28. Nd2 b5 29. e4 Nb6 30. exf5 gxf5 31. g4 Nc4 32. Nxc4 bxc4 {KB-KN} 33. Ke3 Kg6 34. h4 fxg4 35. fxg4 h5 36. gxh5+ Kxh5 37. Bf6 Nb4 38. Kd4 c3 {[%mdl 64] [#] Decoy} 39. Kxc3 Nd5+ 40. Kb2 Nxf6 41. Ka1 Kxh4 {Accuracy: White = 100%, Black = 100%.} 1/2-1/2

[Event "Chess24 Legends of Chess"]
[Site "Online"]
[Date "2020.07.18"]
[Round "9.4"]
[White "Nepomniachtchi, Ian"]
[Black "Gelfand, Boris"]
[Result "1/2-1/2"]
[WhiteElo "2778"]
[BlackElo "2702"]
[Annotator "ChessBase"]
[PlyCount "47"]
[EventDate "2020.07.21"]
[EventType "tourn"]
[SourceTitle "playchess.com"]
[Source "ChessBase"]
[SourceQuality "1"]
[TimeControl "900+10"]

1. e4 {[%emt 0:00:00]} c5 {[%emt 0:00:00]} 2. Na3 {[%emt 0:00:00]} Nc6 {[%emt 0:00:03]} 3. Bb5 {[%emt 0:00:00]} g6 {[%emt 0:00:04]} 4. Nf3 {[%emt 0:00:00]} Bg7 {[%emt 0:00:01]} 5. O-O {[%emt 0:00:05]} Nf6 {[%emt 0:01:17]} 6. Bxc6 {[%emt 0:00:04]} bxc6 {[%emt 0:00:06]} 7. e5 {[%emt 0:00:04]} Nd5 {[%emt 0:00:01]} 8. Re1 {[%emt 0:00:07]} O-O {[%emt 0:00:04]} 9. d3 {[%emt 0:00:11]} f6 {[%emt 0:00:44]} 10. Nc4 {[%emt 0:01:45]} fxe5 {[%emt 0:00:42]} 11. Nfxe5 {[%emt 0:00:02]} Qc7 {[%emt 0:00:59]} 12. Ng4 {[%emt 0:00:55]} d6 {[%emt 0:00:10]} 13. Bg5 {[%emt 0:01:09]} e5 {[%emt 0:00:25]} 14. h3 {[%emt 0:00:24]} Nf4 {[%emt 0:00:54]} 15. Nd2 {[%emt 0:00:28]} Rb8 {[%emt 0:02:19]} 16. b3 {[%emt 0:00:09]} Bf5 {[%emt 0:00:15]} 17. Ne4 {[%emt 0:00:08]} Ne6 {[%emt 0:00:51]} 18. Bh6 {[%emt 0:00:37]} Nf4 {[%emt 0:00:38]} 19. Bg5 {[%emt 0:01:19]} Kh8 {[%emt 0:00:08]} 20. Qd2 {[%emt 0:00:14]} Qd7 {[%emt 0:00:33]} 21. Ngf6 {[%emt 0:01:03]} Qc7 {[%emt 0:00:43]} 22. Ng4 {[%emt 0:00:03]} Qd7 {[%emt 0:00:52]} 23. Ngf6 {[%emt 0:00:02]} Qc7 {[%emt 0:00:01]} 24. Ng4 {[%emt 0:00:09]} 1/2-1/2